000 00731nam a2200241Ia 4500
003 OSt
005 20220923221314.0
006 a|||||r|||| 00| 0
007 ta
008 220922b |||||||| |||| 00| 0 hin d
024 _a196,906
037 _cTextual
040 _aARTS
_cARTS
_bhin
041 _2hin
_ahin
082 _aP152, L7
100 _aबोरा, राजमल
245 0 _aभाषा
_b अर्थ औेर संवेदना
246 _aBhāṣhā: artha auer sanvedanā
260 _aऔेरंगाबाद
_b नमिता प्रका0
_c1977
300 _a256पृ.
_ccm.
942 _hP152, L7
_cTEXL
_2CC
999 _c348777
_d348777